00235nam a2200097Ia 4500008004100000041000800041082001400049100001900063245002900082260002600111231212s1975 xx 000 0 und d aeng a621.31042 aSavelyev I. V. aPhysics A General Course aMascowbMir Pubc1975